Sydney Suburbs by Emoji #1 - Statistics

General Stats
  • This quiz has been taken 111 times
  • The average score is 12 of 36
Answer Stats
Emojis Answer % Correct
⚫️ 🏘 Blacktown
79%
🏦 S 🏘 Bankstown
76%
🦴 🎲 Bondi
69%
🍒 B ♖ Cherrybrook
68%
🏰 🗻 Castle Hill
62%
🐝 👩🏻‍🌾 Beecroft
59%
💬 S 🪵 Chatswood
51%
🎨 A💰 Artarmon
49%
🏕 🙋🏻‍♀️ ⬇️ Camperdown
45%
D❓ Dee Why
45%
J 🚫 🤥 Jannali
40%
🖊 S 🙋🏻‍♀️ T Penshurst
39%
🤖 A 🦵🏻 Botany
37%
➡️ 🪵 Eastwood
37%
⬆️ 🪨 S North Rocks
34%
🪨 🤝 Rockdale
31%
🕳 ⚔️ T Holsworthy
30%
🔥 H 🧥 Heathcote
29%
🌡 E Tempe
29%
🐻 D 👍🏻 🍐 K Bardwell Park
28%
🍀 M 🍫 Lakemba
22%
🍳 ↔ A Panania
22%
✍🏻 ➡️ Penrith
22%
🧶 🧙🏻‍♀️ Woolwich
22%
❤️ 🙋🏻‍♀️ 🏊🏼‍♂️ Liverpool
17%
🟩 🏜 Green Valley
16%
🏔 🙋🏻‍♀️ T Peakhurst
16%
🎯 ⎯ G 🐴 T Darlinghurst
15%
👩‍❤️‍👨 🍫 Caringbah
14%
🍵 O Minto
14%
🙋🏻‍♀️ 🪨 🏕 Hurlstone Park
13%
🏖 🗻 Summer Hill
11%
👍🏻 🚦 🚫 Yagoona
11%
🪐 🌾 Marsfield
9%
🥳 🚽 🍽 Woolooware
9%
🏞 S ↓ Lansdowne
7%
No matching quizzes found
Score Distribution
Percent of People with Each Score
Percentile by Number Answered
Your Score History
You have not taken this quiz